[Event "Rilton Cup 33rd"]
[Site "Stockholm"]
[Date "2004.01.02"]
[Round "6"]
[White "Gligoric, Svetozar"]
[Black "Hjelm, Niclas"]
[Result "1-0"]
[WhiteElo "2454"]
[BlackElo "2350"]
[PlyCount "103"]
[EventDate "2003.12.27"]
[EventType "swiss"]
[EventRounds "9"]
[EventCountry "SWE"]
[SourceTitle "CBM 097 Extra"]
[Source "ChessBase"]
[SourceDate "2004.01.13"]
[SourceVersion "1"]
[SourceVersionDate "2004.01.13"]
[SourceQuality "1"]

1. d4 Nf6 2. c4 e6 3. Nc3 Bb4 4. e3 0-0 5. Bd3 d5 6. Nf3 c5 7. 0-0 cxd4 8. exd4 dxc4 9. Bxc4 b6 10. Bg5 Bb7 11. Rc1 Nbd7 12. Re1 Rc8 13. Qb3 Bxc3 14. Rxc3 h6 15. Bh4 Qe8 16. Be2 Nd5 17. Rxc8 Qxc8 18. Bg3 N7f6 19. Nd2 Ba6 20. Bf3 Rd8 21. Qa3 Rd7 22. Be5 Bb5 23. Qb3 Ba6 24. h3 Ne8 25. Be4 Bb7 26. Bb1 Qc6 27. Nf3 Ndf6 28. Qd3 Rd8 29. a3 Qd7 30. Nh2 Qd5 31. f3 Kf8 32. Qe3 Rc8 33. Nf1 Qd7 34. Qd3 Ng8 35. Ne3 Rd8 36. Rd1 Nef6 37. Ba2 Qe7 38. Rc1 Ne8 39. Kh2 Rc8 40. Rxc8 Bxc8 41. Qc3 Bd7 42. Bb8 a6 43. d5 Ngf6 44. Qd4 Qd8 45. Be5 Nxd5 46. Bxd5 exd5 47. Nxd5 Be6 48. Qb4+ Kg8 49. Nxb6 f6 50. Bg3 Nc7 51. Qe4 Bf7 52. Qb7 1-0

[Event "Rilton Cup 33rd"]
[Site "Stockholm"]
[Date "2003.12.29"]
[Round "3"]
[White "Lindberg, Henrik"]
[Black "Gligoric, Svetozar"]
[Result "1/2-1/2"]
[WhiteElo "2208"]
[BlackElo "2454"]
[PlyCount "106"]
[EventDate "2003.12.27"]
[EventType "swiss"]
[EventRounds "9"]
[EventCountry "SWE"]
[SourceTitle "CBM 097 Extra"]
[Source "ChessBase"]
[SourceDate "2004.01.13"]
[SourceVersion "1"]
[SourceVersionDate "2004.01.13"]
[SourceQuality "1"]

1. c4 Nf6 2. Nc3 c5 3. Nf3 Nc6 4. g3 e6 5. Bg2 d5 6. cxd5 exd5 7. d4 Be7 8. 0-0 0-0 9. Bg5 cxd4 10. Nxd4 h6 11. Bf4 Bg4 12. h3 Be6 13. Qd3 Rc8 14. Rad1 Nxd4 15. Qxd4 Bc5 16. Qd3 Qe7 17. Be3 Rfd8 18. Bxc5 Rxc5 19. Qe3 Qc7 20. Rd4 b5 21. Rfd1 Re8 22. Qd3 Qb6 23. g4 Rc4 24. e3 Qa5 25. a3 Rec8 26. Nxd5 Nxd5 27. Bxd5 Rxd4 28. Qxd4 Rd8 29. Qc5 Qa4 30. Rd4 Rxd5 31. Rxd5 Bxd5 32. Qxd5 a6 33. Qd8+ Kh7 34. Qd3+ Kg8 35. Qd8+ Kh7 36. Qd3+ Kg8 37. Qd4 Qc2 38. Kg2 Qc6+ 39. e4 g6 40. Qd8+ Kg7 41. Qd4+ Kg8 42. Qd8+ Kg7 43. Qd4+ Kg8 44. h4 Qe6 45. Kg3 Qb3+ 46. f3 Qc2 47. Qd8+ Kg7 48. Qd4+ Kg8 49. g5 hxg5 50. hxg5 Qc1 51. f4 Qe1+ 52. Kf3 Qh1+ 53. Kg3 Qe1+ 1/2-1/2

[Event "Botvinnik Memorial-A"]
[Site "Elista"]
[Date "2002.08.25"]
[Round "8"]
[White "Gligoric, Svetozar"]
[Black "Gaprindashvili, Nona"]
[Result "1/2-1/2"]
[WhiteElo "2459"]
[BlackElo "2318"]
[PlyCount "41"]
[EventDate "2002.08.17"]
[EventType "tourn"]
[EventRounds "9"]
[EventCountry "RUS"]
[EventCategory "8"]
[SourceTitle "CBM 089 Extra"]
[Source "ChessBase"]
[SourceDate "2002.09.10"]
[SourceVersion "2"]
[SourceVersionDate "2002.09.10"]
[SourceQuality "1"]

1. d4 d5 2. Nf3 e6 3. c4 Be7 4. Nc3 Nf6 5. Bg5 Nbd7 6. e3 h6 7. Bh4 0-0 8. Rc1 c6 9. Bd3 dxc4 10. Bxc4 b5 11. Bd3 Bb7 12. 0-0 Rc8 13. a3 a5 14. Qe2 b4 15. axb4 axb4 16. Bxf6 Nxf6 17. Ne4 c5 18. Nxc5 Bxc5 19. dxc5 Qe7 20. Rc4 Nd7 21. c6 1/2-1/2

[Event "Botvinnik Memorial-A"]
[Site "Elista"]
[Date "2002.08.20"]
[Round "4"]
[White "Karasev, Vladimir I"]
[Black "Gligoric, Svetozar"]
[Result "0-1"]
[WhiteElo "2465"]
[BlackElo "2459"]
[PlyCount "146"]
[EventDate "2002.08.17"]
[EventType "tourn"]
[EventRounds "9"]
[EventCountry "RUS"]
[EventCategory "8"]
[SourceTitle "CBM 089 Extra"]
[Source "ChessBase"]
[SourceDate "2002.09.10"]
[SourceVersion "2"]
[SourceVersionDate "2002.09.10"]
[SourceQuality "1"]

1. Nf3 d5 2. g3 c6 3. Bg2 Bg4 4. h3 Bxf3 5. Bxf3 e5 6. d3 Nf6 7. Bg2 Nbd7 8. 0-0 Bc5 9. e4 dxe4 10. dxe4 Qe7 11. c3 a5 12. a4 0-0 13. Qe2 Qe6 14. Nd2 Nb6 15. Re1 Rfe8 16. Bf1 Nfd7 17. Kg2 h6 18. Qf3 Bf8 19. b3 Nc5 20. Nc4 Nbd7 21. Rb1 Qg6 22. Qg4 Qxg4 23. hxg4 Red8 24. g5 hxg5 25. Bxg5 f6 26. Be3 Nxe4 27. Nb6 Nxb6 28. Bxb6 Nxc3 29. Bxd8 Rxd8 30. Bc4+ Nd5 31. f4 Bb4 32. Re4 Kf8 33. Rh1 Nc3 34. Re3 Rd2+ 35. Kf3 e4+ 36. Kg4 b5 37. axb5 cxb5 38. Be6 Ke7 39. Bf5 Kd6 40. Rh8 Nd1 41. Re1 Nf2+ 42. Kh5 Rd5 43. Rd8+ Kc6 44. Rc1+ Rc5 45. Rc8+ Kd6 46. R1xc5 Bxc5 47. Rd8+ Kc6 48. Kg6 e3 49. Kxg7 a4 50. Rc8+ Kb6 51. bxa4 bxa4 52. Rb8+ Kc7 53. Rb2 a3 54. Ra2 Kd6 55. g4 Bd4 56. Rxa3 e2 57. Ra6+ Kd5 58. Re6 Be5 59. fxe5 fxe5 60. g5 e1Q 61. g6 Ne4 62. Re7 Nd6 63. Be6+ Kc6 64. Bd7+ Kd5 65. Be6+ Kd4 66. Rd7 Kc5 67. Rc7+ Kb6 68. Rd7 Ne4 69. Bd5 Qh4 70. Rf7 Nd6 71. Rf6 Kc5 72. Bf7 e4 73. Kf8 Qxf6 0-1

[Event "YUG-chT"]
[Site "Herceg Novi"]
[Date "2001.05.??"]
[Round "5"]
[White "Drazic, Sinisa"]
[Black "Gligoric, Svetozar"]
[Result "1-0"]
[WhiteElo "2475"]
[BlackElo "2481"]
[PlyCount "129"]
[EventDate "2001.05.??"]
[EventType "team"]
[EventRounds "11"]
[EventCountry "YUG"]
[SourceTitle "CBM 082 Extra"]
[Source "ChessBase"]
[SourceDate "2001.07.03"]
[SourceVersion "1"]
[SourceVersionDate "2001.07.03"]
[SourceQuality "1"]

1. e4 e5 2. Nf3 Nc6 3. Nc3 Nf6 4. g3 Bc5 5. Bg2 d6 6. 0-0 0-0 7. d3 a6 8. h3 Nd4 9. Nxd4 Bxd4 10. Kh2 c6 11. Ne2 Bb6 12. f4 Re8 13. f5 d5 14. g4 dxe4 15. dxe4 Qxd1 16. Rxd1 h6 17. a4 a5 18. Bf3 Rd8 19. Bd2 Bd7 20. Bc3 Bc7 21. Nc1 Be8 22. Nd3 Nd7 23. Be2 f6 24. b3 Bf7 25. Kg2 Kf8 26. Kf3 Ke7 27. Bd2 Bb6 28. h4 Bd4 29. Ra2 Nc5 30. Nxc5 Bxc5 31. Raa1 b6 32. Rab1 Rd7 33. Bd3 Rad8 34. Ke2 Rh8 35. Rf1 Kd8 36. Rf3 Kc7 37. Rh1 Rdd8 38. Rhh3 Rd7 39. Rfg3 Rdd8 40. g5 Bh5+ 41. Ke1 Rd7 42. gxf6 gxf6 43. Rh2 Bb4 44. Rhg2 Bxd2+ 45. Kxd2 Bf7 46. Kc3 Kd8 47. Rg7 Ke8 48. Bc4 Re7 49. b4 axb4+ 50. Kxb4 Rf8 51. Bxf7+ Rfxf7 52. Rg8+ Kd7 53. Ra8 Kc7 54. Ra7+ Kb8 55. Rxe7 Rxe7 56. Rg6 Rd7 57. c3 Rd6 58. Rxh6 Kb7 59. Kc4 Ka6 60. h5 b5+ 61. Kc5 Rd3 62. axb5+ cxb5 63. Rxf6+ Ka5 64. Rf8 Rxc3+ 65. Kd5 1-0

[Event "YUG-ch 56th"]
[Site "Herceg Novi"]
[Date "2001.04.07"]
[Round "14"]
[White "Gligoric, Svetozar"]
[Black "Antic, Dejan"]
[Result "1-0"]
[WhiteElo "2481"]
[BlackElo "2481"]
[PlyCount "75"]
[EventDate "2001.03.23"]
[EventType "tourn"]
[EventRounds "15"]
[EventCountry "YUG"]
[EventCategory "10"]
[SourceTitle "CBM 083"]
[Source "ChessBase"]
[SourceDate "2001.07.05"]
[SourceVersion "1"]
[SourceVersionDate "2001.07.05"]
[SourceQuality "1"]

1. d4 e6 2. e4 d5 3. Nc3 Nf6 4. Bg5 Be7 5. e5 Nfd7 6. Bxe7 Qxe7 7. f4 a6 8. Qh5 c5 9. Nf3 Nc6 10. 0-0-0 0-0 11. dxc5 f6 12. Bd3 g6 13. Qh4 fxe5 14. Qxe7 Nxe7 15. fxe5 Nxc5 16. h4 Bd7 17. h5 Kg7 18. h6+ Kg8 19. Ne2 Nc6 20. Rh4 Rac8 21. Kb1 b5 22. Ned4 Nxd4 23. Rxd4 Rf7 24. c3 Rcf8 25. Bc2 Bc6 26. Kc1 Rf4 27. Rxf4 Rxf4 28. Rd4 Ne4 29. Bxe4 dxe4 30. Rd8+ Kf7 31. Ng5+ Ke7 32. Rh8 e3 33. Rxh7+ Ke8 34. Kd1 Rh4 35. Ke2 Bxg2 36. Rh8+ Ke7 37. h7 Bc6 38. Rg8 1-0

[Event "YUG-ch 56th"]
[Site "Herceg Novi"]
[Date "2001.03.26"]
[Round "4"]
[White "Damljanovic, Branko"]
[Black "Gligoric, Svetozar"]
[Result "1-0"]
[WhiteElo "2561"]
[BlackElo "2481"]
[PlyCount "57"]
[EventDate "2001.03.23"]
[EventType "tourn"]
[EventRounds "15"]
[EventCountry "YUG"]
[EventCategory "10"]
[SourceTitle "CBM 083"]
[Source "ChessBase"]
[SourceDate "2001.07.05"]
[SourceVersion "1"]
[SourceVersionDate "2001.07.05"]
[SourceQuality "1"]

1. Nf3 Nf6 2. g3 d5 3. Bg2 c6 4. b3 Bg4 5. Bb2 Nbd7 6. 0-0 Bxf3 7. exf3 e6 8. f4 Be7 9. d3 0-0 10. Nd2 a5 11. a3 b5 12. Nf3 b4 13. a4 Qb6 14. Qd2 Rfd8 15. Rae1 Bf8 16. Bh3 c5 17. f5 exf5 18. Bxf5 c4 19. Qg5 c3 20. Bc1 Bc5 21. Qh4 Re8 22. d4 Bd6 23. Bg5 h6 24. Bxh6 gxh6 25. Bxd7 Nxd7 26. Qg4+ Kf8 27. Qxd7 Re4 28. Qf5 Qc6 29. Qf6 1-0

[Event "YUG-ch 56th"]
[Site "Herceg Novi"]
[Date "2001.03.25"]
[Round "3"]
[White "Gligoric, Svetozar"]
[Black "Savic, Miodrag R"]
[Result "1-0"]
[WhiteElo "2481"]
[BlackElo "2443"]
[PlyCount "63"]
[EventDate "2001.03.23"]
[EventType "tourn"]
[EventRounds "15"]
[EventCountry "YUG"]
[EventCategory "10"]
[SourceTitle "CBM 083"]
[Source "ChessBase"]
[SourceDate "2001.07.05"]
[SourceVersion "1"]
[SourceVersionDate "2001.07.05"]
[SourceQuality "1"]

1. d4 Nf6 2. c4 e6 3. Nc3 Bb4 4. e3 0-0 5. Bd3 c5 6. Nf3 d5 7. 0-0 dxc4 8. Bxc4 cxd4 9. exd4 Nc6 10. a3 Be7 11. Re1 a6 12. Ba2 Qd6 13. Ne4 Nxe4 14. Rxe4 Qd8 15. h4 Bf6 16. Bg5 h6 17. Bxf6 Qxf6 18. Qe2 b5 19. Ne5 Ne7 20. Re1 Rd8 21. g3 Nf5 22. Qg4 h5 23. Qxh5 Rxd4 24. Rxd4 Nxd4 25. Qd1 Nf5 26. Qf3 Ra7 27. Qc3 Bd7 28. Bb1 g6 29. Qc5 Rb7 30. Be4 Ra7 31. Bxf5 Ra8 32. Bxg6 1-0

[Event "YUG-ch 56th"]
[Site "Herceg Novi"]
[Date "2001.03.24"]
[Round "2"]
[White "Kosic, Dragan"]
[Black "Gligoric, Svetozar"]
[Result "1/2-1/2"]
[WhiteElo "2504"]
[BlackElo "2481"]
[PlyCount "29"]
[EventDate "2001.03.23"]
[EventType "tourn"]
[EventRounds "15"]
[EventCountry "YUG"]
[EventCategory "10"]
[SourceTitle "CBM 083"]
[Source "ChessBase"]
[SourceDate "2001.07.05"]
[SourceVersion "1"]
[SourceVersionDate "2001.07.05"]
[SourceQuality "1"]

1. d4 Nf6 2. c4 e6 3. Nf3 b6 4. a3 Bb7 5. Nc3 d5 6. cxd5 exd5 7. Qa4+ Nbd7 8. Bg5 Be7 9. Ne5 c5 10. e3 0-0 11. Rd1 cxd4 12. Nxd7 Nxd7 13. Bxe7 Qxe7 14. Qxd4 Nc5 15. Be2 1/2-1/2

[Event "YUG-ch 56th"]
[Site "Herceg Novi"]
[Date "2001.03.23"]
[Round "1"]
[White "Gligoric, Svetozar"]
[Black "Ivanisevic, Ivan"]
[Result "1-0"]
[WhiteElo "2481"]
[BlackElo "2560"]
[PlyCount "81"]
[EventDate "2001.03.23"]
[EventType "tourn"]
[EventRounds "15"]
[EventCountry "YUG"]
[EventCategory "10"]
[SourceTitle "CBM 083"]
[Source "ChessBase"]
[SourceDate "2001.07.05"]
[SourceVersion "1"]
[SourceVersionDate "2001.07.05"]
[SourceQuality "1"]

1. d4 e6 2. e4 d5 3. Nc3 Nf6 4. Bg5 dxe4 5. Nxe4 Be7 6. Bxf6 gxf6 7. Nf3 a6 8. Bc4 f5 9. Ng3 c5 10. dxc5 Qa5+ 11. c3 Qxc5 12. Qd4 Qxd4 13. cxd4 Nd7 14. 0-0 0-0 15. Rac1 Bf6 16. Bb3 Rd8 17. Nh5 Bh8 18. Rc7 Nf6 19. Nxf6+ Bxf6 20. Rfc1 Rb8 21. Ne5 Bxe5 22. dxe5 Bd7 23. Bd1 Kg7 24. Bf3 Bc6 25. Bh5 Rf8 26. Rc3 Rbd8 27. f4 Rd2 28. Rg3+ Kh8 29. Bxf7 Rd1+ 30. Kf2 Rfd8 31. Re3 R8d2+ 32. Re2 Rd4 33. Kg3 R1d3+ 34. Kh4 Kg7 35. Bxe6+ Kg6 36. g3 Bf3 37. Rf2 h5 38. Bf7+ Kh6 39. Re7 Rd2 40. Re6+ Kg7 41. Rxf3 1-0

[Event "YUG-chT 52nd playoff fin2"]
[Site "Novi Sad"]
[Date "2000.09.08"]
[Round "1"]
[White "Markovic, Miroslav"]
[Black "Gligoric, Svetozar"]
[Result "1/2-1/2"]
[WhiteElo "2558"]
[BlackElo "2490"]
[PlyCount "181"]
[EventDate "2000.08.24"]
[EventType "team-match"]
[EventRounds "2"]
[EventCountry "YUG"]
[SourceTitle "EXT 2001"]
[Source "ChessBase"]
[SourceDate "2000.11.22"]
[SourceVersion "1"]
[SourceVersionDate "2000.11.22"]
[SourceQuality "1"]
[WhiteTeam "Cacak Borac"]
[BlackTeam "Milicionar"]
[WhiteTeamCountry "YUG"]
[BlackTeamCountry "YUG"]

1. e4 e5 2. Nf3 Nc6 3. Bb5 a6 4. Bxc6 dxc6 5. 0-0 Bd6 6. d4 exd4 7. Qxd4 f6 8. Be3 Ne7 9. Nbd2 Be6 10. Rad1 0-0 11. Qc3 Qe8 12. Nc4 Rd8 13. Nd4 Bc8 14. Rfe1 Qf7 15. Qb3 Rfe8 16. Nxd6 cxd6 17. Ne2 Ng6 18. Qxf7+ Kxf7 19. Bb6 Rd7 20. Nc3 Ne5 21. b3 Kg8 22. f3 Nf7 23. Kf2 Rde7 24. g4 Be6 25. Rd2 Rc8 26. Red1 c5 27. a4 Kf8 28. a5 Ree8 29. Ne2 Bd7 30. c4 Bc6 31. Nf4 Re5 32. h4 g6 33. Rxd6 Nxd6 34. Rxd6 Ke7 35. Rd2 Kf7 36. Nd3 Re7 37. Bxc5 Rd7 38. Ke3 Re8 39. Bd4 f5 40. gxf5 gxf5 41. Nc5 Rd6 42. e5 Rh6 43. Rh2 Rg8 44. Kf4 Rhg6 45. Rh3 Ke7 46. Bf2 Rg2 47. Nd3 Rd8 48. Bc5+ Kf7 49. Bd6 Rd2 50. Nc5 R8xd6 51. exd6 Rxd6 52. Ke5 Rd1 53. Kxf5 Ra1 54. Ke5 Rxa5 55. Kd6 Ra1 56. f4 a5 57. Kc7 Rb1 58. Rh2 h5 59. Ra2 a4 60. bxa4 Kf6 61. a5 Bh1 62. Rh2 Kf5 63. Rf2 Rc1 64. Rb2 Rxc4 65. Kb6 Rxf4 66. Nxb7 Rxh4 67. Rb5+ Kg6 68. a6 Ra4 69. Nc5 Rf4 70. a7 Rf6+ 71. Kc7 Rf7+ 72. Nd7 Rf1 73. Ne5+ Kh6 74. Ra5 Ba8 75. Kd6 h4 76. Ke6 h3 77. Ra3 Rh1 78. Rd3 Ra1 79. Rxh3+ Kg7 80. Rg3+ Kh7 81. Nd7 Rxa7 82. Nf8+ Kh6 83. Kf6 Kh5 84. Ne6 Kh4 85. Rg1 Ra5 86. Nd4 Be4 87. Re1 Bd3 88. Re3 Bb1 89. Re2 Rd5 90. Nf3+ Kg3 91. Ne5 1/2-1/2

[Event "YUG-chT 52nd"]
[Site "Novi Sad"]
[Date "2000.09.02"]
[Round "9"]
[White "Laketic, Gojko"]
[Black "Gligoric, Svetozar"]
[Result "1/2-1/2"]
[WhiteElo "2500"]
[BlackElo "2490"]
[PlyCount "36"]
[EventDate "2000.08.24"]
[EventType "team"]
[EventRounds "11"]
[EventCountry "YUG"]
[SourceTitle "EXT 2001"]
[Source "ChessBase"]
[SourceDate "2000.11.22"]
[SourceVersion "1"]
[SourceVersionDate "2000.11.22"]
[SourceQuality "1"]
[WhiteTeam "Belgrade Partizan"]
[BlackTeam "Milicionar"]
[WhiteTeamCountry "YUG"]
[BlackTeamCountry "YUG"]

1. c4 c5 2. Nc3 Nc6 3. g3 g6 4. Bg2 Bg7 5. a3 d6 6. Rb1 a5 7. Nf3 Nf6 8. 0-0 0-0 9. d3 Bd7 10. Ne1 Ne8 11. Bd2 Nc7 12. Nc2 Rb8 13. b4 axb4 14. axb4 Nxb4 15. Nxb4 cxb4 16. Rxb4 b5 17. cxb5 Nxb5 18. Nxb5 Rxb5 1/2-1/2

[Event "YUG-Cup"]
[Site "Herceg Novi"]
[Date "2000.??.??"]
[Round "6"]
[White "Stamenkovic, Zoran"]
[Black "Gligoric, Svetozar"]
[Result "1/2-1/2"]
[WhiteElo "2412"]
[BlackElo "2487"]
[PlyCount "31"]
[EventDate "2000.05.27"]
[EventType "swiss"]
[EventRounds "7"]
[EventCountry "YUG"]
[SourceTitle "EXT 2001"]
[Source "ChessBase"]
[SourceDate "2000.11.22"]
[SourceVersion "1"]
[SourceVersionDate "2000.11.22"]
[SourceQuality "1"]

1. d4 Nf6 2. c4 e6 3. g3 d5 4. Bg2 Be7 5. Nf3 0-0 6. 0-0 dxc4 7. Qc2 a6 8. a4 Bd7 9. Qxc4 Bc6 10. Bg5 Bd5 11. Qd3 c5 12. Nc3 Bc6 13. Rfd1 cxd4 14. Nxd4 Bxg2 15. Kxg2 Nbd7 16. Qf3 1/2-1/2

[Event "Petrosian Memorial"]
[Site "Moscow"]
[Date "1999.06.23"]
[Round "6"]
[White "Gligoric, Svetozar"]
[Black "Hort, Vlastimil"]
[Result "1/2-1/2"]
[WhiteElo "2476"]
[BlackElo "2526"]
[PlyCount "60"]
[EventDate "1999.06.??"]
[EventType "tourn"]
[EventRounds "9"]
[EventCountry "RUS"]
[EventCategory "11"]
[SourceTitle "CBM 072"]
[Source "ChessBase"]
[SourceDate "1999.10.01"]
[SourceVersion "1"]
[SourceVersionDate "1999.10.01"]
[SourceQuality "1"]

1. d4 Nf6 2. c4 g6 3. Nc3 d5 4. Nf3 Bg7 5. Qb3 dxc4 6. Qxc4 0-0 7. e4 a6 8. Be2 b5 9. Qb3 c5 10. dxc5 Nc6 11. 0-0 Be6 12. Qc2 Qc7 13. Be3 b4 14. Nd1 Ng4 15. g3 Qa5 16. Bc4 Bxc4 17. Qxc4 Nxe3 18. Nxe3 Bxb2 19. Rab1 Bg7 20. Nd5 Rab8 21. Nb6 Rfd8 22. Rfd1 Qb5 23. Rxd8+ Rxd8 24. Qxb5 axb5 25. Nd5 Bc3 26. a3 bxa3 27. Nxc3 Rd3 28. Na2 Rxf3 29. Rxb5 Rd3 30. Rb6 Nb8 1/2-1/2

[Event "Petrosian Memorial"]
[Site "Moscow"]
[Date "1999.06.21"]
[Round "4"]
[White "Larsen, Bent"]
[Black "Gligoric, Svetozar"]
[Result "1/2-1/2"]
[WhiteElo "2532"]
[BlackElo "2476"]
[PlyCount "67"]
[EventDate "1999.06.??"]
[EventType "tourn"]
[EventRounds "9"]
[EventCountry "RUS"]
[EventCategory "11"]
[SourceTitle "CBM 072"]
[Source "ChessBase"]
[SourceDate "1999.10.01"]
[SourceVersion "1"]
[SourceVersionDate "1999.10.01"]
[SourceQuality "1"]

1. e4 e5 2. Nc3 Nf6 3. Nf3 Nc6 4. Bc4 Bc5 5. d3 d6 6. Be3 Bxe3 7. fxe3 0-0 8. 0-0 Be6 9. Bb3 Bxb3 10. axb3 d5 11. exd5 Nxd5 12. Qd2 Nxc3 13. Qxc3 Qd6 14. Nd2 Rae8 15. Ne4 Qd5 16. Qc4 Qxc4 17. bxc4 f5 18. Nc5 b6 19. Na6 Rf7 20. b4 Nd8 21. b5 c5 22. bxc6 Nxc6 23. c5 bxc5 24. Nxc5 Nb4 25. Rf2 Rc8 26. Ra5 Rfc7 27. Na6 Nxa6 28. Rxa6 g6 29. h4 Rxc2 30. Rxa7 R8c7 31. Rxc2 Rxa7 32. Rc5 Rd7 33. Rxe5 Rxd3 34. Kf2 1/2-1/2

[Event "YUG Cup"]
[Site "Herceg Novi"]
[Date "1999.??.??"]
[Round "?"]
[White "Gligoric, Svetozar"]
[Black "Ivanisevic, Ivan"]
[Result "1-0"]
[WhiteElo "2476"]
[BlackElo "2457"]
[PlyCount "177"]
[EventDate "1999.??.??"]
[EventType "team"]
[EventRounds "6"]
[EventCountry "YUG"]
[SourceTitle "EXT 2001"]
[Source "ChessBase"]
[SourceDate "2000.11.22"]
[SourceVersion "1"]
[SourceVersionDate "2000.11.22"]
[SourceQuality "1"]

1. d4 Nf6 2. c4 g6 3. Nc3 Bg7 4. e4 d6 5. Nf3 0-0 6. Be2 e5 7. 0-0 c6 8. Re1 Nbd7 9. Rb1 Re8 10. Bf1 a5 11. dxe5 dxe5 12. a3 Nc5 13. Qxd8 Rxd8 14. Be3 Nb3 15. Nxe5 Re8 16. f4 Rxe5 17. fxe5 Ng4 18. Bb6 Nxe5 19. Rbd1 Be6 20. Bc7 Nxc4 21. Bxc4 Bxc4 22. e5 Nc5 23. Re3 Ne6 24. Bd6 Bb3 25. Rde1 a4 26. Ne4 Ra5 27. Nf6+ Bxf6 28. exf6 Rd5 29. Be7 b5 30. Bb4 h5 31. h3 Bc4 32. Kh2 Rf5 33. Bc3 Bd5 34. R3e2 Kh7 35. Kg1 Rg5 36. Rf2 Rg3 37. Be5 Rd3 38. h4 g5 39. hxg5 Nxg5 40. Rfe2 Kg6 41. Re3 Rd2 42. Rg3 h4 43. Bf4 hxg3 44. Bxd2 Ne4 45. Bf4 Kxf6 46. Re3 Kf5 47. Bxg3 Nxg3 48. Rxg3 Ke4 49. Kf2 Kd4 50. Ke2 Kc4 51. Kd2 c5 52. Rc3+ Kd4 53. Rd3+ Kc4 54. g4 Be4 55. Rd7 Bg6 56. Rc7 Kd4 57. Rc6 Kc4 58. Rf6 Kb3 59. Kc1 Kc4 60. Rf3 Kd4 61. Kd2 Kc4 62. Ke2 Kd4 63. Rf4+ Ke5 64. Ke3 Kd5 65. Kf3 Ke6 66. Ke3 Kd5 67. Rf6 Kc4 68. Rb6 b4 69. Kd2 Be4 70. Kc1 Kd3 71. Rf6 Bg6 72. Rf3+ Kd4 73. Kd2 Kc4 74. Rf4+ Kb3 75. Kc1 c4 76. Rf3+ c3 77. axb4 Kxb4 78. Rxc3 Be4 79. Kd2 Bd5 80. Ke3 Bb3 81. Kd4 Be6 82. g5 Ba2 83. Rc7 Kb3 84. Rxf7 Kxb2 85. Rf2+ Ka1 86. g6 a3 87. g7 Bg8 88. Kc3 Bh7 89. Rf1+ 1-0

[Event "YUG Cup"]
[Site "Herceg Novi"]
[Date "1999.??.??"]
[Round "?"]
[White "Todorovic, Jovan"]
[Black "Gligoric, Svetozar"]
[Result "1/2-1/2"]
[WhiteElo "2427"]
[BlackElo "2476"]
[PlyCount "91"]
[EventDate "1999.??.??"]
[EventType "team"]
[EventRounds "6"]
[EventCountry "YUG"]
[SourceTitle "EXT 2001"]
[Source "ChessBase"]
[SourceDate "2000.11.22"]
[SourceVersion "1"]
[SourceVersionDate "2000.11.22"]
[SourceQuality "1"]

1. e4 e5 2. Nf3 Nc6 3. Bb5 a6 4. Ba4 Nf6 5. 0-0 Be7 6. Re1 b5 7. Bb3 d6 8. c3 0-0 9. h3 Nb8 10. d4 Nbd7 11. Nbd2 Bb7 12. Bc2 Re8 13. Nf1 Bf8 14. Ng3 g6 15. a4 c5 16. d5 c4 17. Bg5 h6 18. Be3 Nc5 19. Qd2 Kh7 20. Ra3 Rb8 21. axb5 axb5 22. Nh2 h5 23. Bg5 Be7 24. Nf3 Kg8 25. Qe3 Nh7 26. Bh6 Bf6 27. Nd2 Bg5 28. Bxg5 Qxg5 29. Qxg5 Nxg5 30. h4 Nh7 31. Rea1 Nf6 32. Ngf1 Ra8 33. Ne3 Rxa3 34. Rxa3 Ra8 35. Rxa8+ Bxa8 36. f3 Bb7 37. Kf2 Kf8 38. Ke2 Ke7 39. b3 cxb3 40. Nxb3 Nxb3 41. Bxb3 Nd7 42. Kd2 Kd8 43. Bd1 Kc7 44. Bc2 Kb6 45. Bb1 Bc8 46. Bc2 1/2-1/2